|
|
|
|
| LEADER |
00639nam a2200181Ia 4500 |
| 001 |
CTU_48967 |
| 008 |
210402s9999 xx 000 0 und d |
| 082 |
|
|
|a 578.77
|
| 082 |
|
|
|b R294/Vol.4-Part A
|
| 100 |
|
|
|a Recent advances in marine biotechnology
|
| 245 |
|
0 |
|a Recent advances in marine biotechnology
|
| 245 |
|
0 |
|b : Seaweeds and invertebrates
|
| 245 |
|
0 |
|c Recent advances in marine biotechnology, R. Nagabhushanam, MILTON FINGERMAN
|
| 260 |
|
|
|a Enfield, New Hampshire
|
| 260 |
|
|
|b Science
|
| 260 |
|
|
|c 2000
|
| 650 |
|
|
|a aquaculture,aquatic ecology,marine biotechnology
|
| 980 |
|
|
|a Trung tâm Học liệu Trường Đại học Cần Thơ
|